000 00699nam a2200241 i 4500
001 000048592
003 DO-SdBNP
005 20240130123243.0
007 ta
008 190405s2016 dr 000 0 spa d
020 _a9789945167313
040 _aDO-SdBNP
_bspa
_cBNPHU
_erda
082 4 _bG216p
_222
100 1 _aGarcía, Diógenes,
_98453
_eautor
245 1 0 _a¿Por qué el universo no fue creado por Dios? /
_cDiógenes García.
264 _aSanto Domingo :
_bBúho,
_c2016.
300 _a52 páginas ;
_c22 cm.
336 _2rdacontent
_atexto
_btxt
337 _2rdamedia
_asin mediación
_bn
338 _2rdacarrier
_avolumen
_bnc
590 _aInventariado, 2019/ YL
942 _2ddc
_cLF2
999 _c48080
_d48080